000 01018nam a22003131i 4500
003 OSt
005 20210705011014.0
008 210613s2021 my a|||j ||| ||| 1 may d
020 _a9789674538071
_cRM 25.00
_qpaperback
040 _aPPAK
_beng
_cPPAK
_erda
082 0 4 _223
_a499.2386
090 0 0 _a499.2386
_bNOR
_dRK
100 0 _aNorul Aliza Arifin
_eauthor.
245 1 0 _aSINGA YANG TERHUTANG BUDI =
_bTHE GRATEFUL LION /
_cNorul Aliza Arifin / Mimi Samuel
264 1 _aPetaling Jaya, Selangor :
_bKualiti Books Sdn. Bhd.,
_c2021
300 _a[16] pages :
_bcolour illustrations ;
_c30 cm.
336 _atext
_2rdacontent
337 _aunmediated
_2rdamedia
338 _avolume
_2rdacarrier
490 1 _aBUKU GERGASI FABEL AESOP
650 1 0 _aMalay Language
_vReaders
650 2 0 _aReaders
650 2 0 _aChildren's Stories, Malay.
650 2 0 _aChildren's Stories, English.
650 2 0 _aAnimals
_vFiction.
700 0 _aMimi Samuel,
_eauthor.
830 0 _aBuku Gergasi Fabel Aesop
942 _2ddc
_cB
999 _c184114
_d184114